Estate agency news (Record no. 120757)

MARC details
000 -LEADER
fixed length control field 00778cai a22001935a 4500
001 - CONTROL NUMBER
control field L146322
008 - FIXED-LENGTH DATA ELEMENTS--GENERAL INFORMATION
fixed length control field 090109u xxkao g 000 0 eng d
035 ## - SYSTEM CONTROL NUMBER
System control number (Sirsi) u146322
041 0# - LANGUAGE CODE
Language code of text/sound track or separate title eng
110 2# - MAIN ENTRY--CORPORATE NAME
Corporate name or jurisdiction name as entry element Estate Agency News
9 (RLIN) 5683
245 00 - TITLE STATEMENT
Title Estate agency news
Medium [electronic resource]
520 ## - SUMMARY, ETC.
Summary, etc. Website provides estate agency news and commentary, as well as links to a range of online property portals for residential property.
590 ## - LOCAL NOTE (RLIN)
Local note KA
651 #4 - SUBJECT ADDED ENTRY--GEOGRAPHIC NAME
Geographic name United Kingdom
Chronological subdivision 1973-
690 ## - LOCAL SUBJECT ADDED ENTRY--TOPICAL TERM (OCLC, RLIN)
Topical term or geographic name as entry element PROPERTY-PROPERTY AGENCY
690 ## - LOCAL SUBJECT ADDED ENTRY--TOPICAL TERM (OCLC, RLIN)
Topical term or geographic name as entry element PROPERTY-RESIDENTIAL PROPERTY-RESIDENTIAL PROPERTY ACQUISITION AND DISPOSAL
856 40 - ELECTRONIC LOCATION AND ACCESS
Uniform Resource Identifier <a href="https://www.estateagencynews.co.uk/resources/contact_form.asp">https://www.estateagencynews.co.uk/resources/contact_form.asp</a>
Public note View the website free of charge at www.estateagencynews.co.uk...
942 ## - ADDED ENTRY ELEMENTS (KOHA)
Suppress in OPAC 0
Holdings
Withdrawn status Lost status Source of classification or shelving scheme Damaged status Not for loan Home library Current library Shelving location Date acquired Total Checkouts Full call number Barcode Date last seen Copy number Price effective from Koha item type
    Dewey Decimal Classification     Virtual Virtual Online 09/01/2009   ONLINE PUBLICATION 146322-1001 06/08/2019 1 06/08/2019 Online material